000 00895nam a2200277I 4500
001 8588
003 BD-RjUL
005 20211208234621.0
008 14 t1963 n 100 0 eng d
035 _aMITb10555713
035 _a(BD-RjUL)8633
035 _aGLIS00555713
040 _aOCP
_cOCP
_dm.c.
_dRCD
_beng
041 _aeng
082 0 4 _216
_a530
_bAST 1963
090 _aQB461
_b.B817
099 _aQB461.B817
245 1 0 _aAstrophysics and the many-body problem /
_c[by] E. N. Parker [and other] Notes by M. Turoff, A. Skalafuris [and] B. Bergerson.
260 _aNew York :
_bBenjamin,
_cc1963.
300 _aV-2 (438 p.) :
_billus. ;
_c24 cm.
650 1 _a Astrophysique.
_926766
700 1 _aParker, E. N. ... [et. al.].
_926767
711 2 _aBrandeis University Summer Institute in Theoretical Physics
_d(1962)
_926768
942 _2ddc
_cBK
949 _aMYGS
_aMYGP
_aMYGY
999 _c8588
_d8588